000 00459nam a2200157 i 4500
001 23156
003 ES-MaACL
005 20230906152826.0
007 t|
008 021209s1973 sp ||||1| spa d
100 1 _aAlonso, José Manuel.
_920215
245 1 0 _aPicasso, Neruda, Casals
_b: Pablos Universales /
_cJosé Manuel Alonso.
260 _a[Bilbao :
_bAut. R.G.M.,
_c1973]
300 _a211 p. :
_bil. ;
_c22 cm.
852 _aES-MaACL
_jC-56104
_bR.88711
999 _c23156
_d23156